|
|
|
|
| LEADER |
01544nam a2200337 4500 |
| 001 |
ocn761376967 |
| 003 |
OCoLC |
| 005 |
20180501121948.0 |
| 006 |
m o a |
| 007 |
cr mnu---uuaaa |
| 008 |
111016s2011 enka o 000 0 eng |
| 040 |
|
|
|a AU@
|b eng
|e pn
|c AU@
|d OCLCQ
|d CDX
|d OPELS
|d OCLCQ
|d OCLCO
|d OCLCQ
|d NJR
|d OCLCQ
|d GrThAP
|
| 020 |
|
|
|a 9780124159198
|q (electronic bk.)
|
| 020 |
|
|
|a 0124159192
|q (electronic bk.)
|
| 035 |
|
|
|a (OCoLC)761376967
|
| 050 |
|
4 |
|a QL458.4
|b .S649 2011eb
|
| 082 |
0 |
4 |
|a 595.4/4
|2 23
|
| 049 |
|
|
|a TEFA
|
| 245 |
0 |
0 |
|a Spider physiology and behaviour :
|b behaviour /
|c editor : Jerome Casas.
|
| 260 |
|
|
|a London :
|b Elsevier,
|c 2011.
|
| 300 |
|
|
|a 1 online resource (271 pages) :
|b illustrations.
|
| 336 |
|
|
|a text
|b txt
|2 rdacontent
|
| 337 |
|
|
|a computer
|b c
|2 rdamedia
|
| 338 |
|
|
|a online resource
|b cr
|2 rdacarrier
|
| 490 |
1 |
|
|a Advances in insect physiology,
|x 0065-2806 ;
|v v. 41
|
| 520 |
|
|
|a This latest volume in this series contains articles on Arachnid Physiology and Behaviour. The papers in this special issue give rise to key themes for the future. * Contributions from the leading researchers in entomology * Discusses Arachnid physiology and behaviour * Includes in-depth reviews with valuable information for a variety of entomology disciplines.
|
| 650 |
|
0 |
|a Spiders
|x Behaviour.
|
| 655 |
|
4 |
|a Electronic books.
|
| 700 |
1 |
|
|a Casas, J.
|q (Jerome)
|
| 830 |
|
0 |
|a Advances in insect physiology ;
|v v. 41.
|
| 856 |
4 |
0 |
|u https://www.sciencedirect.com/science/bookseries/00652806/41
|z Full Text via HEAL-Link
|